| 000 | 00510nam a22001577a 4500 | ||
|---|---|---|---|
| 999 |
_c181866 _d181866 |
||
| 005 | 20211007143407.0 | ||
| 010 | _aEN230921 | ||
| 020 |
_a9789389152197 _c399.00 |
||
| 037 | _bWestland Publications | ||
| 100 | _aSanghi,Ashwin | ||
| 245 |
_aThe vault of Vishnu / _cby Ashwin Sanghi |
||
| 260 |
_aChennai _bWestland Publications _c2020 |
||
| 270 |
_bChennai _a1st Floor,A Block,East Wing,Plot No.40,SP Infocity,Dr MGR Salai,Perungudi,Kandanchavadi, _e600096 |
||
| 300 |
_a327p. _c20cm(pbk) |
||
| 942 |
_2ddc _cEN _mSAN |
||